[Event "BRA Amateur-ch U1400"]
[Site "Sao Paulo"]
[Date "2022.11.05"]
[Round "6"]
[White "Mesquita, Nickolas del Grande"]
[Black "Sandrini, Rodrigo Vieira"]
[Result "1-0"]
[WhiteElo "1759"]
[BlackElo "1800"]
[PlyCount "40"]
[EventDate "2022.11.03"]
[EventType "swiss"]
[EventRounds "7"]
[EventCountry "BRA"]
[SourceTitle "CBM 211 Extra"]
[Source "ChessBase"]
[SourceDate "2023.01.31"]
[SourceVersion "1"]
[SourceVersionDate "2023.01.31"]
[SourceQuality "1"]

1. e4 c6 2. d4 d5 3. e5 Bf5 4. h4 h6 5. g4 Be4 6. f3 Bh7 7. e6 fxe6 8. Bd3 Qd6 9. f4 Bxd3 10. Qxd3 Kd7 11. Nf3 Qb4+ 12. c3 Qb5 13. Ne5+ Kc7 14. Qxb5 cxb5 15. Ng6 Nf6 16. Nxh8 Nxg4 17. Ng6 Nd7 18. Rg1 h5 19. Ne5 Ndxe5 20. fxe5 g6 1-0